00609 2200229 4500001002100000005001700021008004100038020001800079035002400097041000800121043001500129082001000144090001700154100001600171245005600187250001100243260004100254500003900295650001800334850001200352990001500364YOGYA-0209000000824020090227021106.0 ind  a979-421-430-9 0010-020900000008240 aInd aYOPDYOG(B) a297.9 a297.9bSha S aSHABAN, M.A aSejarah IslambPenafsiran baru 600-750cM.A. Shaban aCet. 1 aJakartabRaja Grafindo Persadac1993 aBibliografi : hlm. 287-290bIndeks aSejarah Islam aYOPDYOG a95P0073507